00262nam a2200109Ia 4500008004100000082001000041100001700051245002400068260001200092630002400104730002400128100328s9999 xx 000 0 und d b75008 aBlyton Gnid. aThe Enchanted Wood. bEgmont. aThe Enchanted Wood. aThe Enchanted Wood.